000 00495nam a2200193Ia 4500
005 20250425161049.0
008 250425s9999 xx 000 0 und d
020 _a8475052665
041 _aspa
082 _a503
245 0 _aENCICLOPEDIA DE LA CIENCIA Y DE LA TECNICA 2: BALISTICA - CONTAMINACION
250 _a1A ED.
260 _aBARCELONA
260 _aEspaƱa
_bOCEANO
_c1981
300 _a784
650 _aCIENCIA-DICCIONARIOS Y ENCICLOPEDIAS
942 _c01
010 _a11700
999 _c201696
_d201696